Etická sebareflexia a integrita akademickej a výskumnej sféry
Prezentácia z konferenčnej prednášky na tému etického manažmentu a jeho prítomnosti na Ekonomickej univerzite v Bratislave. Budovanie etického správania v organizáciách a aj v podnikaní. Motivácia študentov k etickému správaniu a jeho rozvíjanie aj po absolvovaní štúdia. Podpora inkluzívnej diverzit...
Salvato in:
| Autore principale: | |
|---|---|
| Natura: | Capitolo di libro |
| Lingua: | slovacco |
| Soggetti: | |
| Tags: |
Nessun Tag, puoi essere il primo ad aggiungerne!!
|
MARC
| LEADER | 00000naa$a2200000$$$4500 | ||
|---|---|---|---|
| 001 | 0277994 | ||
| 005 | 20240502074326.7 | ||
| 041 | 0 | |a slo | |
| 044 | |a SK | ||
| 245 | 1 | 0 | |a Etická sebareflexia a integrita akademickej a výskumnej sféry |c Gabriela Dubcová |
| 520 | |a Prezentácia z konferenčnej prednášky na tému etického manažmentu a jeho prítomnosti na Ekonomickej univerzite v Bratislave. Budovanie etického správania v organizáciách a aj v podnikaní. Motivácia študentov k etickému správaniu a jeho rozvíjanie aj po absolvovaní štúdia. Podpora inkluzívnej diverzity, znevýhodnených občanov (napr. podpora rómskych študentov) a mobility študentov. Aktivity pre komunitu: Univerzita tretieho veku, Detská ekonomická univerzita a ďalšie. | ||
| 610 | 2 | 0 | |a etika |
| 610 | 2 | 0 | |a etika manažérska |
| 610 | 2 | 0 | |a etika podnikateľská |
| 610 | 2 | 0 | |a zodpovednosť podniku spoločenská |
| 610 | 2 | 0 | |a rozvoj sociálny |
| 610 | 2 | 0 | |a integrácia sociálna |
| 610 | 2 | 0 | |a komunity |
| 610 | 2 | 0 | |a univerzity |
| 100 | 1 | |a Dubcová, Gabriela, 1968- | |